Хората, които не го заслужаваха (Запис номер 322746)
[ съкратено ]
| 000 -Лидер | |
|---|---|
| Контролно поле с фиксирана дължина | 01037aam a2200301 a 4500 |
| 003 - Код на организацията, давaща контролен номер | |
| Контролно поле | BLK |
| 005 - Дата и час на последна редакция | |
| Контролно поле | 20250225152224.0 |
| 008 - Елементи от данни с фиксирана дължина | |
| fixed length control field | 180816b bul||||| |||| 00| 0 bul d |
| 020 ## - Международен стандартен номер на книга ISBN | |
| Международен стандартен номер на книга ISBN | 978-954-389-467-3 |
| 040 ## - Източник на каталожния запис | |
| Идентификатор на билиотеката - собственик на записа | BLK |
| 041 ## - Код за език | |
| Код за езика на текст/звукозапис или на отделно заглавие | Български |
| Код за езика КДБФ | Български |
| 080 ## - УДК | |
| Текстов определител УДК | Шведска литература |
| УДК код - определител по УДК | 821.113.6 |
| УДК определител | -312.4 |
| УДК - код + определител | 821.113.6-312.4 |
| 100 1# - Редна дума - Автор | |
| Автор | Юрт, Микаел |
| R(LIN) | 144993 |
| 139 ## - Редно поле | |
| Авторски знак | Юрт - Ю 33 |
| 245 ## - Сведения за заглавието | |
| Заглавие | Хората, които не го заслужаваха |
| Редно поле (дума) | Юрт & Русенфелт ; Прев. от швед. Стела Джелепова. |
| 260 ## - Област на издателските данни | |
| Име на издателя, разпространителя и проч. | Ера |
| Година на издаване | 2018 |
| 300 ## - Физическа характеристика | |
| Страници | 383 с. |
| Размери/Мащаб | 21 см |
| 380 ## - Жанр | |
| Жанр | Худож. лит. |
| 500 ## - Общи забележки | |
| Забележка | Ориг. загл. De underkanda / Hjorth & Rosenfeldt |
| 700 ## - Други автори (авторска отговорност) | |
| Лично име | Русенфелт, Ханс |
| Автороска отговорност (Описва отношението между автора и произведението) | съавт. |
| 9 (RLIN) | 1445 |
| 700 ## - Други автори (авторска отговорност) | |
| 9 (RLIN) | 381669 |
| Лично име | Джелепова, Стела |
| Автороска отговорност (Описва отношението между автора и произведението) | прев. от швед. |
| 765 ## - Описание на заглавието на оригиналният език | |
| Редна дума на основното описание | De underkanda |
| 852 ## - Местоположение | |
| Форматна сигнатура | Цб 296031 |
| 999 ## - СИСТЕМНИ КОНТРОЛНИ НОМЕРА | |
| Koha biblionumber | 322746 |
| Koha biblioitemnumber | 322746 |
| 942 ## - АРТИКУЛИ | |
| Вид на библиотечния материал | Книги |
| Източник на класификационната схема | Universal Decimal Classification |
| Скрит в OPAC | Не |
| Koha issues (borrowed), all copies | 35 |
| Периодичен библиозапис | Да |
| 999 ## - СИСТЕМНИ КОНТРОЛНИ НОМЕРА | |
| Koha biblioitemnumber | 322746 |
| 999 ## - СИСТЕМНИ КОНТРОЛНИ НОМЕРА | |
| Koha biblioitemnumber | 322746 |
| 944 ## - СЪЗДАВАНЕ И РЕДАКЦИЯ на ЗАПИСА | |
| Служител, извършил регистрацията/редакцията | 30576 |
| Статус, дата на статуса | Цветомила Тодорова |
| Код за отписване | Код за изгубен артикул | Източник на класификационната схема | Код за повреда | Коз за рестрикции | Код за отдаване | Артикулен № | Име на библиотеката - собственик | Име на библиотеката, в която се намира в момента | Статус (Текущо местоположение) | Дата на вписване в системата | Местоположение - отдел | Цена в лева | Инвентарен номер | Систематично азбучна сигнатура | Баркод | Цена в евро | Служебен тип на артикула |
|---|---|---|---|---|---|---|---|---|---|---|---|---|---|---|---|---|---|
| Изтеглен | Не е изгубен | Universal Decimal Classification | Не е повреден | без рестрикции | заемане за дома | 677036 | Регионална библиотека "Любен Каравелов" Русе | Регионална библиотека "Любен Каравелов" Русе | Заемна - подръчен фонд | 2018-06-01 | Заемна - подръчен фонд | 12.75 | 120000820783 | П 839-31/Ю 33 | 120000820783 | 6.52 | Книги |
| Не е изгубен | Universal Decimal Classification | Не е повреден | без рестрикции | заемане за дома | 677546 | Регионална библиотека "Любен Каравелов" Русе | Регионална библиотека "Любен Каравелов" Русе | Заемна - подръчен фонд | 2018-06-18 | Заемна - подръчен фонд | 17.00 | 120000821336 | П 839-31/Ю 33 | 120000821336 | 8.69 | Книги | |
| Не е изгубен | Universal Decimal Classification | Не е повреден | ползва се в читалня | 731389 | Регионална библиотека "Любен Каравелов" Русе | Регионална библиотека "Любен Каравелов" Русе | Хранилище | 2019-08-01 | Хранилище | 17.00 | Цб 296031 | 120000834889 | 8.69 | Книги |